| Поле | Инд. | ПП | Название | Значение |
|---|---|---|---|---|
| Тип записи | a | |||
| Библиографический уровень | m | |||
| 001 | Контрольный номер | RU/IS/BASE/295009939 | ||
| 005 | Дата корректировки | 20180409143549.3 | ||
| 040 | a | Служба первич. каталог. | НБ ТвГУ | |
| b | Код языка каталог. | rus | ||
| e | Правила каталог. | PSBO | ||
| 041 | 0_ | a | Код языка текста | rus |
| 080 | a | Индекс УДК | 004.42(075.8) | |
| 084 | a | Индекс другой классификации/Индекс ББК | З973.2-018я73-1 | |
| 090 | a | Полочн. индекс | З973.2 | |
| x | Авторский знак | У 91 | ||
| 245 | a | Заглавие | Учебно-методический комплекс по дисциплине "Принципы алгоритмизации" [Электронный ресурс] | |
| b | Продолж. заглавия | для студентов 1 курса очной формы обучения : специальность 010100 Математика | ||
| c | Ответственность | Федерал. агентство по образованию, ГОУ ВПО "Твер. гос. ун-т ; сост.: Вегера И. В. | ||
| 260 | a | Место издания | Тверь | |
| b | Издательство | Тверской государственный университет | ||
| c | Дата издания | 2006 | ||
| 300 | a | Объем | 39 с. | |
| 650 | a | Основная рубрика | Вычислительная техника | |
| 650 | 14 | a | Основная рубрика | Компьютеры |
| x | Основная подрубрика | Программирование | ||
| 650 | 14 | a | Основная рубрика | Алгоритмизация |
| x | Основная подрубрика | Учебники для вузов | ||
| 653 | a | Ключевые слова | Алгоритмизация | |
| a | Ключевые слова | Компьютеры | ||
| a | Ключевые слова | Программирование | ||
| 700 | a | Другие авторы | Вегера Инна Васильевна | |
| e | Роль лиц | сост. | ||
| 856 | u | URL | http://texts.lib.tversu.ru/texts2/01960umk.pdf | |
| x | Примечание для ЭОР | Реестр суммарного учета сетевых локальных документов | ||
| 920 | a | Оператор | Густ | |
| 930 | a | Новая/Ретро | учебники | |
| a | Новая/Ретро | полный текст | ||
| 952 | c | Вид литературы | К рум | |
| 954 | a | Дата поступления на обработку | 20090518 |